Teoretické východiská rovesníckej mediácie

Pojem mediácia. Rovesnícka mediácia. Zavádzanie mediácie v školách.

Salvato in:
Dettagli Bibliografici
Autore principale: Čonková, Andrea, 1982-
Natura: Capitolo di libro
Lingua:slovacco
Soggetti:
Tags: Aggiungi Tag
Nessun Tag, puoi essere il primo ad aggiungerne!!

MARC

LEADER 00000naa a2200000 4500
001 0238456
005 20240502073846.8
041 0 |a slo 
044 |a SK 
245 1 0 |a Teoretické východiská rovesníckej mediácie  |c Andrea Čonková 
520 |a Pojem mediácia. Rovesnícka mediácia. Zavádzanie mediácie v školách. 
610 2 0 |a mediácia 
610 2 0 |a výchova 
610 2 0 |a vzťahy spoločenské 
610 2 0 |a psychológia 
610 2 0 |a konflikty 
610 2 0 |a pedagogika sociálna 
100 1 |a Čonková, Andrea, 1982-